Nations in the 1932 Winter Olympics - Statistics

General Stats
  • This quiz has been taken 33 times
  • The average score is 16 of 17
Answer Stats
Hint Answer % Correct
Europe Belgium
100%
America Canada
100%
Europe France
100%
Europe Great Britain
100%
Europe Hungary
100%
Europe Italy
100%
Europe Austria
96%
Europe Finland
96%
Europe Germany
96%
Asia Japan
96%
Europe Poland
96%
Europe Sweden
96%
Europe Switzerland
96%
America United States
96%
Europe Norway
92%
Europe Czechoslovakia
88%
Europe Romania
88%
No matching quizzes found
Score Distribution
Percent of People with Each Score
Percentile by Number Answered
Your Score History
You have not taken this quiz